Biomimicry : Analysis Of Contemporary Biomimetic Approaches. (Record no. 13631)

MARC details
000 -LEADER
fixed length control field 00404nam a2200145Ia 4500
008 - FIXED-LENGTH DATA ELEMENTS--GENERAL INFORMATION
fixed length control field 220803s9999 xx 000 0 und d
020 ## - INTERNATIONAL STANDARD BOOK NUMBER
International Standard Book Number 81-904096-3-8
041 ## - LANGUAGE CODE
Language code of text/sound track or separate title eng
082 ## - DEWEY DECIMAL CLASSIFICATION NUMBER
Classification number 745.4 RAM
100 ## - MAIN ENTRY--PERSONAL NAME
Personal name Ramaswamy S
9 (RLIN) 20253
245 ## - TITLE STATEMENT
Title Biomimicry : Analysis Of Contemporary Biomimetic Approaches.
260 ## - PUBLICATION, DISTRIBUTION, ETC. (IMPRINT)
Place of publication, distribution, etc. Ahmedabad
Name of publisher, distributor, etc. Research Cell SID
Date of publication, distribution, etc. 2007
300 ## - PHYSICAL DESCRIPTION
Extent 214p
650 ## - SUBJECT ADDED ENTRY--TOPICAL TERM
Topical term or geographic name as entry element Basic Design
9 (RLIN) 20254
Holdings
Withdrawn status Lost status Damaged status Not for loan Collection code Home library Current library Shelving location Date acquired Vendor Cost, normal purchase price Total Checkouts Total Renewals Full call number Barcode Date last seen Date last checked out Cost, replacement price Bill Date Koha item type Original Barcode
        Book of M Arch EA Dr. Bhanuben Nanavati College of Architecture Dr. Bhanuben Nanavati College of Architecture   15/12/2008 CEPT School of Interior Design Research Cell 1125.00 2 2 720.47 RAM BNCA-BK-6355 19/10/2023 05/10/2023 1500.00 22/10/2008 Books B006355